00000000nam##2200000za#4500
0019.541223
003CaOODSP
00520200326030401
007ta
008150406|2005||||xxc|||||     f|0| 0 fre|d
040 |aCaOODSP|bfre
041 |aeng
041 |afre
043 |an-cn---
0861 |aBT42-412/2006-1
1101 |aCanada. |bConseil du trésor.
24510|aProtocole d'entente entre le Conseil du Trésor et l'Association canadienne des employés professionnels concernant la réouverture de la convention collective applicable à l'unité de négociation économique et services de sciences sociales
2463 |aGroupe: Économique et services de sciences sociales (tous les employés et toutes les employées) : date d'expiration: le 21 juin 2006
260 |bSecrétariat du Conseil du Trésor du Canada |c2005.
300 |aTexte français, 3p. ; |c15 cm.
4901 |aConvention entre le Conseil du Trésor et l'Association canadienne des employés professionnels |vCode: 208, 412
563 |aCouverture souple
791 |tMemorandum of Agreement between the Treasury Board and the Canadian Association of Professional Employees in respect of the re-opening of the Collective Agreement for the Economics and Social Science Services Bargaining Unit |eeng|w(CaOODSP)9.541222
830#0|aConvention entre le Conseil du Trésor et l'Association canadienne des employés professionnels ;|vCode: 208, 412|w(CaOODSP)9.511103